00330nam a2200133Ia 4500008004100000041000800041082001500049100001900064245003100083250001800114260002200132300001100154650003100165231207s9999 xx 000 0 und d aeng a005.74/MAS aA. K. Mujumdar aDatabase management system a2006,7th Edn. bTata mc graw hill aPB/475 aComnputer Program Language